|
|
|
|
| LEADER |
00755cam a2200181 7i4500 |
| 001 |
0000032236 |
| 005 |
20160226090000.0 |
| 020 |
0 |
0 |
|a 978-1-20879-732-5
|
| 090 |
0 |
0 |
|a USA 338.044
|b PLU
|
| 100 |
1 |
0 |
|a Plunkett Jack. W.
|
| 245 |
0 |
0 |
|a Plunkett's transportation, supply chain & logistics industry almanac 2014 :
|b the only complete guide to the transportation, supply chain and logistics industry
|c Jack W. Plunkett.
|
| 260 |
0 |
0 |
|a Texas, USA:
|b Plunkett Research LTD.,
|c 2014.
|
| 300 |
# |
# |
|a 692 p..
|
| 650 |
0 |
0 |
|a Transportation
|
| 650 |
0 |
0 |
|a Physical distribution of goods --
|z United States
|
| 650 |
0 |
0 |
|a Business logistics --
|z United States
|
| 650 |
0 |
0 |
|a Transportation --
|z United States
|
| 999 |
|
|
|a B000036003
|b Directories
|c International
|e Business Information Centre
|